Nanobioremediácia polychlórovaných bifenylov nanočasticami (nZVI) a ich vplyv na bakteriálne bunky bakalárska práca

Salvato in:
Dettagli Bibliografici
Autore principale: Batunová, Petra
Natura: Libro
Lingua:inglese
Pubblicazione: Bratislava STU FCHPT 2019
Accesso online:Visualizza in OPAC
Tags: Aggiungi Tag
Nessun Tag, puoi essere il primo ad aggiungerne!!

MARC

LEADER 00000nam a2200000 a 4500
005 20260127134046.0
008 190823 2019 xo a 001 0 eng d
035 |a vtls011883211 
039 9 |y 201908231004  |z mschk03 
040 |a STUSCHK1  |b slo  |c STUSCHK1  |e AACR2 
100 1 |a Batunová, Petra 
245 1 |a Nanobioremediácia polychlórovaných bifenylov nanočasticami (nZVI) a ich vplyv na bakteriálne bunky  |b bakalárska práca  |c Petra Batunová 
260 |a Bratislava  |b STU FCHPT  |c 2019 
300 |a 59 s.  |b Obr., tab.  |c 25 cm 
500 |a Študijný program: biotechnológia a potravinárska technológia 
500 |a Študijný odbor: biotechnológie 
500 |a Školiace pracovisko: Ústav biotechnológie 
500 |a Evid. číslo: FCHPT-13567-81613 
910 |a SCHK95 
999 |c 3128  |d 3128